000 01820cam a22003738a 4500
999 _c255
_d255
001 .b21297460
003 OSt
005 20190802142559.0
008 121218s2013 maua b 001 0 eng
010 _a2012050452
020 _a9781284029390
_q(hbk.)
035 _a(DNLM)101598103
040 _aDNLM/DLC
_cDLC
_dDLC
_dTWFJU
042 _anbic
060 1 0 _aQU 300
082 0 _a571.6 LEW
245 0 0 _aLewin's cells /
_clead editors, George Plopper, David Sharp, Eric Sikorski.
246 3 0 _aCells.
250 _a3rd ed.
260 _aBurlington, Mass. :
_bJones & Bartlett Learning,
_cc2013.
300 _axxiii, 1056 p. :
_bill. (chiefly col.) ;
_c29 cm.
500 _aRev. ed. of: Lewin's cells / lead editors, Lynne Cassimeris, Vishwanath R. Lingappa, George Plopper. 2nd ed. c2011.
504 _aIncludes bibliographical references and index.
505 0 _aWhat is a cell? -- Bioenergetics and cellular metabolism -- DNA replication, repair, and recombination -- Gene expression and regulation -- Protein structure and function -- Transport of ions and small molecules across membranes -- Membrane targeting of proteins -- Protein trafficking between membranes -- Nuclear structure and transport -- Chromatin and chromosomes -- Microtubules -- Actin -- Intermediate filaments -- Mitosis -- Cell cycle regulation -- Apoptosis -- Cancer : principles and overview -- Principles of cell signaling -- The extracellular matrix and cell adhesion -- Prokaryotic cell biology -- Plant cell biology.
650 0 _aCells.
650 1 2 _aCells.
650 2 2 _aCell Physiological Phenomena.
650 2 2 _aEukaryotic Cells.
700 1 _aPlopper, George.
_eEditor
700 1 _aSharp, David,
_d1968-
_eEditor
700 1 _aSikorski, Eric.
_eEditor
700 1 _aLewin, Benjamin.
_tCells.
942 _2ddc
_cNFIC